| 000 | 00720cam a2200301 4500 | ||
|---|---|---|---|
| 008 | 090401t1984 xxu||||| |||| 00| 0 eng d | ||
| 020 | _a0421305509 | ||
| 035 | _a(Sirsi) u68424 | ||
| 041 | _aeng | ||
| 050 | _a333.33 | ||
| 100 | _aGeorge, Edward F | ||
| 245 | 4 | _aThe sale of flats | |
| 250 | _a5th ed. | ||
| 260 |
_aLondon _bSweet and Maxwell _c1984 |
||
| 300 | _axxix, 447p. ; 22cm. | ||
| 350 | _a27 | ||
| 650 | _aCONVEYANCING | ||
| 650 | _aHOUSING ACT 1980 | ||
| 650 | _aLEASES | ||
| 650 | _aMAISONETTES | ||
| 650 | _aMANAGEMENT COMPANIES | ||
| 650 | _aPROPERTY SALES | ||
| 650 | _aSERVICE CHARGES | ||
| 650 | _aTOWN HOUSES | ||
| 700 | _aGeorge, Arthur | ||
| 942 | _n0 | ||
| 948 | _c04/03/1997 | ||
| 999 |
_c95100 _d95100 |
||